00380nam a22001217a 4500082001500000100003000015245003300045260005200078650001100130942000700141952009300148999001700241 a492.78 THO aThornton, Frederic Du Pre aElementary Arabic: A Grammar aGreat BritainbCambridge University Pressc1905 aArabic cBK 00104070aHMIbHMIcGENd2018-07-27l0o492.78 THOp011981r2018-07-27w2018-07-27yBK c21253d21253